I wonder why snakes shed their skins and other questions about reptiles / (Record no. 8341)

MARC details
000 -LEADER
fixed length control field 01672pam a2200481 a 4500
001 - CONTROL NUMBER
control field 8341
003 - CONTROL NUMBER IDENTIFIER
control field FISKH
005 - DATE AND TIME OF LATEST TRANSACTION
control field 20250909160014.0
008 - FIXED-LENGTH DATA ELEMENTS--GENERAL INFORMATION
fixed length control field 950814s1996 nyua j 001 0 eng
010 ## - LIBRARY OF CONGRESS CONTROL NUMBER
LC control number 95025192
020 ## - INTERNATIONAL STANDARD BOOK NUMBER
International Standard Book Number 1856976696
Qualifying information hb
020 ## - INTERNATIONAL STANDARD BOOK NUMBER
International Standard Book Number 1856976890
Qualifying information rlb
020 ## - INTERNATIONAL STANDARD BOOK NUMBER
International Standard Book Number 9781856976695
Qualifying information (hb)
020 ## - INTERNATIONAL STANDARD BOOK NUMBER
International Standard Book Number 9781856976893
Qualifying information (rlb)
035 ## - SYSTEM CONTROL NUMBER
System control number 4925503
040 ## - CATALOGING SOURCE
Original cataloging agency DLC
Transcribing agency DLC
Modifying agency DLC
Language of cataloging eng
042 ## - AUTHENTICATION CODE
Authentication code lcac
050 00 - LIBRARY OF CONGRESS CALL NUMBER
Classification number QL644.2
Item number .O54 1996
082 00 - DEWEY DECIMAL CLASSIFICATION NUMBER
Classification number 597.9
Edition number 20
100 1# - MAIN ENTRY--PERSONAL NAME
Personal name O'Neill, Amanda.
245 10 - TITLE STATEMENT
Title I wonder why snakes shed their skins and other questions about reptiles /
Statement of responsibility, etc. Amanda O'Neill.
250 ## - EDITION STATEMENT
Edition statement 1st American edition
260 ## - PUBLICATION, DISTRIBUTION, ETC.
Place of publication, distribution, etc. New York :
Name of publisher, distributor, etc. Kingfisher,
Date of publication, distribution, etc. 1996.
300 ## - PHYSICAL DESCRIPTION
Extent 32 pages :
Other physical details color illustrations ;
Dimensions 29 cm
336 ## - CONTENT TYPE
Content type term text
Content type code txt
Source rdacontent
337 ## - MEDIA TYPE
Media type term unmediated
Media type code n
Source rdamedia
338 ## - CARRIER TYPE
Carrier type term volume
Carrier type code nc
Source rdacarrier
490 1# - SERIES STATEMENT
Series statement I wonder why
500 ## - GENERAL NOTE
General note Includes index.
505 ## - FORMATTED CONTENTS NOTE
Formatted contents note O<br/>
520 ## - SUMMARY, ETC.
Summary, etc. Answers such questions about reptiles as why do snakes stare, are frogs and newts reptiles, and which reptile lives longest.
521 8# - TARGET AUDIENCE NOTE
Target audience note 600<br/>
Source Lexile estimate<br/>
521 8# - TARGET AUDIENCE NOTE
Target audience note O<br/>
Source Raz-Plus<br/>
650 #0 - SUBJECT ADDED ENTRY--TOPICAL TERM
Topical term or geographic name entry element Reptiles
General subdivision Miscellanea
-- Juvenile literature.
650 #1 - SUBJECT ADDED ENTRY--TOPICAL TERM
Topical term or geographic name entry element Reptiles
General subdivision Miscellanea.
650 #1 - SUBJECT ADDED ENTRY--TOPICAL TERM
Topical term or geographic name entry element Questions and answers.
830 #0 - SERIES ADDED ENTRY--UNIFORM TITLE
Uniform title I wonder why (New York, N.Y.)
856 42 - ELECTRONIC LOCATION AND ACCESS
Materials specified Publisher description
Uniform Resource Identifier <a href="http://www.loc.gov/catdir/description/hm021/95025192.html">http://www.loc.gov/catdir/description/hm021/95025192.html</a>
856 42 - ELECTRONIC LOCATION AND ACCESS
Materials specified Contributor biographical information
Uniform Resource Identifier <a href="http://www.loc.gov/catdir/enhancements/fy0736/95025192-b.html">http://www.loc.gov/catdir/enhancements/fy0736/95025192-b.html</a>
906 ## - LOCAL DATA ELEMENT F, LDF (RLIN)
a 7
b cbc
c orignew
d 1
e ocip
f 19
g y-gencatlg
942 ## - ADDED ENTRY ELEMENTS (KOHA)
Source of classification or shelving scheme Dewey Decimal Classification
Koha item type Books
Suppress in OPAC No
Holdings
Withdrawn status Lost status Source of classification or shelving scheme Damaged status Not for loan Collection Home library Current library Shelving location Date acquired Total Checkouts Full call number Barcode Date last seen Copy number Price effective from Koha item type
    Dewey Decimal Classification     Non-Fiction Footprints International School Library Network Toul Tom Poung Campus Footprints International School Library Network Toul Tom Poung Campus TTP Primary Yellow Bookshelves 09/09/2025   O'NE 597.9 QL644 .O54 FISBK06180 09/09/2025 1 09/09/2025 Books